00467nam a2200157Ia 4500003000900000008004100009020002200050040001600072080002000088100001500108245008500123260004800208300001300256650001900269650002100288IN-BaIIA211028s9999 xx 000 0 eng d a978-1-107-01657-6 cIIA Library a524.3-54bIBE-2 aIben, Icko 0aStellar evolution physicsbvol. 2, advanced evolution of single starscIcko Iben aCambridgebCambridge University Pressc2013 ax, 605p. aStar evolution aStellar dynamics